| Tag |
First Indicator |
Second Indicator |
Subfields |
| LEADER |
00000cam a2200000 i 4500 |
| 001 |
in00005778839 |
| 005 |
20260416163917.0 |
| 008 |
760429s1964 txu 000 0 eng d |
| 040 |
|
|
|a YUS
|b eng
|c YUS
|d CQA
|d OCLCQ
|d OCLCG
|d OCLCQ
|d SFE
|d OCLCO
|d OCLCF
|d OCLCA
|d OCLCO
|d OCLCQ
|d OCLCO
|d OCLCL
|
| 019 |
|
|
|a 855930064
|
| 035 |
|
|
|a (OCoLC)2146828
|z (OCoLC)855930064
|
| 043 |
|
|
|a n-us-nm
|
| 050 |
|
4 |
|a F804.S15
|b C76
|
| 082 |
0 |
4 |
|a 978.955
|b S
|1 https://id.oclc.org/worldcat/ddc/E34RCRGQwGJGYJRffXjP6tXyvW
|
| 090 |
|
|
|a F804.S19
|b C76 1964
|
| 100 |
1 |
|
|a Stanley, F.
|q (Francis),
|d 1908-1996.
|1 https://id.oclc.org/worldcat/entity/E39PCjBYBkP6f4QvMvGkwMg3Qq
|
| 245 |
1 |
4 |
|a The San Miguel del Bado, New Mexico story /
|c by F. Stanley [i.e. S.F.L. Crocchiola].
|
| 260 |
|
|
|a Pep, Tex. :
|b [publisher not identified],
|c 1964.
|
| 300 |
|
|
|a 20 pages ;
|c 22 cm
|
| 336 |
|
|
|a text
|b txt
|2 rdacontent
|
| 337 |
|
|
|a unmediated
|b n
|2 rdamedia
|
| 338 |
|
|
|a volume
|b nc
|2 rdacarrier
|
| 500 |
|
|
|a The Cushing Library/Dykes copy [A1485348872H] is part of the Jim & Theresa Earle Collection.
|
| 500 |
|
|
|a The Cushing Library/Dykes copy [A1485348872H] is signed by author Francis Stanley.
|
| 520 |
|
|
|a Located in Southwest Collection.
|
| 651 |
|
0 |
|a San Miguel (San Miguel County, N.M.)
|x History.
|
| 651 |
|
7 |
|a New Mexico
|z San Miguel (San Miguel County)
|2 fast
|1 https://id.oclc.org/worldcat/entity/E39QbtfRw7Fwvq7hkmjrPT3MGB
|
| 655 |
|
7 |
|a History
|2 fast
|
| 758 |
|
|
|i has work:
|a The San Miguel del Bado, New Mexico story (Text)
|1 https://id.oclc.org/worldcat/entity/E39PCFDy9pkDgpp8gfygXfwDMP
|4 https://id.oclc.org/worldcat/ontology/hasWork
|
| 994 |
|
|
|a Z0
|b TXA
|
| 948 |
|
|
|h HELD BY TXA - 47 OTHER HOLDINGS
|
| 999 |
f |
f |
|i 2ce9db51-779a-4520-aba5-3fe3b5d8bba6
|s 2d0ed82c-105d-49c0-90d8-ab80e8833fe3
|t 0
|
| 952 |
f |
f |
|p noncirc
|a Texas A&M University
|b College Station
|c Cushing Memorial Library & Archives
|s cush dyks
|d Cushing: Dykes (Does not check out)
|t 0
|e F804.S19 C76 1964
|h Library of Congress classification
|i unmediated -- volume
|m A1485348872H
|
| 998 |
f |
f |
|a F804.S19 C76 1964
|t 0
|l Cushing: Dykes (Does not check out)
|